000 00745cab a2200253 4500
001 WB3035-36
008 090401t1994 xxu||||| |||| 00| 0 eng d
035 _a(Sirsi) u52940
041 _aeng
245 _aDairy farmers must acquire quota
260 _c1994
350 _a0
490 _aFinancial Times
_v21 September 1994, 32(1)
520 _aThe EU milk market becomes more competitive and UK dairy farmers must use price rises after market deregulation to acquire more quota. "Options for growth" ADAS.
650 _aADAS
650 _aDAIRY FARMING
650 _aDEREGULATION
650 _aMILK MARKET
650 _aMILK MARQUE
650 _aMILK QUOTAS
690 _aRURAL PRACTICE
942 _n0
948 _c04/03/1997
999 _c32667
_d32667